[Event "FRA-ch U14 Girls"]
[Site "Saint Paul Trois Chateaux"]
[Date "2013.04.28"]
[Round "1"]
[White "Chung, Mathilde"]
[Black "Renaudier, Celia"]
[Result "1-0"]
[WhiteElo "1822"]
[BlackElo "1384"]
[PlyCount "105"]
[EventDate "2013.04.28"]
[EventType "swiss"]
[EventRounds "9"]
[EventCountry "FRA"]
[SourceTitle "CBM 154 Extra"]
[Source "ChessBase"]
[SourceDate "2013.06.25"]
[SourceVersion "2"]
[SourceVersionDate "2013.06.25"]
[SourceQuality "1"]

1. d4 e6 2. Nf3 d5 3. c4 Nf6 4. Nc3 c6 5. e3 Nbd7 6. Bd3 dxc4 7. Bxc4 b5 8. Bd3 a6 9. e4 c5 10. d5 exd5 11. exd5 Bb7 12. 0-0 Be7 13. d6 Bxd6 14. Bxb5 0-0 15. Qxd6 axb5 16. Nxb5 Ne4 17. Qd3 Re8 18. Rd1 Ba6 19. Qxd7 Qxd7 20. Rxd7 Bxb5 21. Rc7 Rac8 22. Rxc8 Rxc8 23. Be3 h6 24. h3 c4 25. a4 Ba6 26. a5 Nd6 27. Rd1 Nb7 28. Bb6 Re8 29. Nd4 Re7 30. Nc6 Re2 31. Nb4 Bb5 32. a6 Bxa6 33. Nxa6 Rxb2 34. Bd4 Rb3 35. Nc5 Nxc5 36. Bxc5 Rb5 37. Be3 Rb7 38. Rd8+ Kh7 39. Rc8 g5 40. Rxc4 Kg6 41. Rc6+ f6 42. Bd4 Rf7 43. Kh2 Kf5 44. g4+ Ke4 45. Rxf6 Rd7 46. Be3 Rh7 47. Kg3 Ke5 48. Rb6 Ke4 49. Rb5 Rf7 50. Bxg5 hxg5 51. Rxg5 Rf3+ 52. Kg2 Kf4 53. Rf5+ 1-0

[Event "FRA-ch U10 Girls"]
[Site "Aix les Bains"]
[Date "2009.04.20"]
[Round "2"]
[White "Renaudier, Celia"]
[Black "Broly, Mathilde"]
[Result "0-1"]
[WhiteElo "1260"]
[BlackElo "1570"]
[PlyCount "96"]
[EventDate "2009.04.19"]
[EventType "swiss"]
[EventRounds "9"]
[EventCountry "FRA"]
[SourceTitle "CBM 130 Extra"]
[Source "ChessBase"]
[SourceDate "2009.07.02"]
[SourceVersion "2"]
[SourceVersionDate "2009.07.15"]
[SourceQuality "1"]

1. d4 Nf6 2. c4 e6 3. Nc3 Bb4 4. Nf3 Ne4 5. Bd2 Nxc3 6. Bxc3 Bxc3+ 7. bxc3 b6 8. e3 Bb7 9. Be2 d6 10. 0-0 0-0 11. Qd2 Nd7 12. Rfd1 f5 13. d5 e5 14. Ng5 Qxg5 15. Rf1 Nc5 16. f3 f4 17. e4 Rf6 18. Rf2 Rg6 19. Re1 Bc8 20. h3 Bxh3 21. Bf1 Rf8 22. g4 Bxf1 23. Kxf1 h5 24. Rg2 hxg4 25. Rxg4 Qh5 26. Rxg6 Qxg6 27. Qg2 Qxg2+ 28. Kxg2 Nd3 29. Rb1 g5 30. a3 Rf6 31. Kf1 Rg6 32. Ke2 Nc5 33. Rg1 Na4 34. Kd2 Kh7 35. Rh1+ Rh6 36. Rxh6+ Kxh6 37. Ke2 Nxc3+ 38. Kf2 Kh5 39. Kg2 Kh4 40. Kf2 g4 41. fxg4 Kxg4 42. Kg2 Nxe4 43. a4 f3+ 44. Kf1 Kg3 45. Kg1 f2+ 46. Kf1 Nd2+ 47. Ke2 f1Q+ 48. Kxd2 Qf3 0-1